000 00284nam a2200109Ia 4500
005 20251222114404.0
008 251222s1900||||xx |||||||||||||| ||spa||
082 _aDVD0092/P48/2006/Ej.2
245 0 _aMadre Teresa de Calcuta.
264 _bPetrie, Jeanette. Petrie, Ann.
942 _cDVD
999 _c1754
_d1754